Idiomas indígenas más hablados en América - Estadísticas

Estadísticas generales
  • Esta prueba ha sido intentada 803 veces
  • La puntuación promedio es 5 de 34
Estadísticas de respuestas
Región* Hablantes Idioma % Correcto
Los Andes 7.384.920 Quechua
86%
Cono Sur 6.652.790 Guaraní
66%
Centroamérica 851.316 Maya Yucateco
57%
Los Andes 1.677.100 Aimara
43%
México y Centroamérica 1.730.000 Náhuatl
40%
Cono Sur 258.410 Mapudungún
38%
Estados Unidos 169.471 Navajo
28%
Colombia y Venezuela 416.000 Wayú
13%
México 526.593 Mixteco
11%
México 490.845 Zapoteco
11%
México 298.861 Otomí
9%
México 142.459 Purépecha
9%
Centroamérica 1.055.407 Quiché
9%
Centroamérica 174.300 Garífuna
8%
Colombia 103.600 Emberá
7%
Centroamérica 602.400 Mam
7%
México 153.797 Mazahua
7%
Centroamérica 143.000 Misquito
7%
México 256.344 Totonaco
7%
Centroamérica 589.144 Tseltal
7%
Centroamérica 550.274 Tsotsil
7%
Centroamérica 254.715 Ch'ol
6%
México 168.729 Huasteco
6%
México 237.212 Mazateco
6%
México 139.760 Mixe
6%
Centroamérica 171.840 Ngäbe
6%
Centroamérica 1.147.600 Quekchí
6%
Centroamérica 124.000 Achí
5%
Centroamérica 411.200 Cachiquel
5%
México 144.394 Chinanteco
5%
Centroamérica 115.100 Ixil
5%
Centroamérica 174.420 Kanjobal
5%
Centroamérica 133.000 Poqomchí
5%
México 147.432 Tlapaneco
5%
No se encontraron pruebas coincidentes
Distribución de puntuación
Porcentaje de gente con cada puntuación
Porcentaje por número respondido
Historial de tus puntuaciones
No has intentado esta prueba.